Szczegóły MARC21

Psychologia sprzedaży nieruchomości [Dokument elektroniczny]

005 -DATA I CZAS OSTATNIEJ MODYFIKACJI [,]
    • @
    • pole kontrolne
    • 20151119130626.0
006 -Dane kontrolne, dodatkowa charakterystyka dokumentu [,]
    • @
    • Dane kontrolne, dodatkowa charakterystyka dokumentu
    • m|||||||| | ||||||
007 -Forma fizyczna dokumentu elektronicznego [,]
    • @
    • Pole danych kontrolnych
    • co cg ---unuu
008 -ELEMENTY DANYCH STAŁEJ DŁUGOŚCI [,]
    • @
    • pole kontrolne
    • 130412s2012 nnnng n c
942 -Rodzaj dokumentu [ , ]
    • c
    • Rodzaj dokumentu
    • Dokument elektroniczny
020 -Międzynarodowy znormalizowany numer Książki - ISBN [ , ]
    • a
    • Numer ISBN
    • 9788375612042 Find
100 -Hasło główne - nazwa osobowa [1, ]
    • a
    • Nazwa osobowa (NP)
    • Białopiotrowicz, Grażyna. Find
    • 9
    • KHW
    • 25093
245 -Strefa tytułu i oznaczenia odpowiedzialności [1,0]
    • a
    • Tytuł
    • Psychologia sprzedaży nieruchomości Find
    • h
    • Określenie rodzaju dokumentu
    • de
    • c
    • Pozostałe elementy strefy tytułu i oznaczenia odpowiedzialności (NP)
    • Grażyna Białopiotrowicz.
260 -Strefa adresu wydawniczego [ , ]
    • a
    • Miejsce wydania (P)
    • Warszawa :
    • b
    • Nazwa wydawcy (P)
    • Wydawnictwo Poltext,
    • c
    • Data wydania (P)
    • cop. 2012.
700 -Hasło dodatkowe - nazwa osobowa [1, ]
    • a
    • Nazwa osobowa (NP)
    • Greinert, Agnieszka. Find
    • e
    • Określenie rodzaju współpracy (NP)
    • Lekt.
    • 9
    • KHW
    • 85100
700 -Hasło dodatkowe - nazwa osobowa [1, ]
    • a
    • Nazwa osobowa (NP)
    • Dondziłło, Grzegorz. Find
    • e
    • Określenie rodzaju współpracy (NP)
    • Kompoz.
    • 9
    • KHW
    • 85101
920 -ISBN [ , ]
    • a
    • ISBN
    • 978-83-7561-204-2 Find
300 -Strefa opisu fizycznego [ , ]
    • a
    • Określenie formy książki i/lub objętość (NP)
    • 1 płyta CD (09 godz. 11 min 30 s) :
    • b
    • Oznaczenie ilustracji (NP)
    • digital, stereo ;
    • c
    • Format (NP)
    • 12 cm.
710 -Hasło dodatkowe - nazwa ciała zbiorowego [2, ]
    • a
    • Nazwa ciała zbiorowego lub nazwa geograficzna jako pierwszy element (NP)
    • Wydawnictwo Poltext.
    • 4
    • Określenie rodzaju współpracy (NP)
    • pbl
    • 9
    • KHW
    • 53400
080 -Uniwersalna Klasyfikacja Dziesiętna [ , ]
    • 2
    • Identyfikator wydania tablic
    • UDC-P058
    • 9
    • UKD
    • 3069
    • a
    • Symbol klasyfikacji
    • 332.7
    • b
    • Dopowiedzenie
    • Obrót ziemią. Obrót nieruchomościami.
080 -Uniwersalna Klasyfikacja Dziesiętna [ , ]
    • 2
    • Identyfikator wydania tablic
    • UDC-P058
    • 9
    • UKD
    • 2170
    • a
    • Symbol klasyfikacji
    • 005.32
    • b
    • Dopowiedzenie
    • Zarządzanie. Psychologia zarządzania. Zachowania organizacyjne.
080 -Uniwersalna Klasyfikacja Dziesiętna [ , ]
    • 2
    • Identyfikator wydania tablic
    • UDC-P058
    • 9
    • UKD
    • 3794
    • a
    • Symbol klasyfikacji
    • 366
    • b
    • Dopowiedzenie
    • Konsumeryzm. Konsumenci.
980 -Symbol UKD [ , ]
    • a
    • UKD
    • 332.7:005.32:366
500 -Uwaga ogólna [ , ]
    • a
    • Uwaga ogólna (NP)
    • Tyt. z etykiety.
538 -Wymagania techniczne [ , ]
    • a
    • Tekst uwagi
    • Format mp3.
Sygnatura Akcesja Uwagi Data wprowadzenia opisu Kod kreskowy Numer inwentarzowy Sposób nabycia Status udost. Kierowanie Data inwentaryzacji
T.1437913da076/13Pudełko uszkodzone.2014-01-132001200143793T.14379da-2T2014-01-20